02938agaaa2200361 45000010005000000030009000050050017000140070009000310080040000400400023000800410014001031000054001171300065001712400039002362450286002752460032005612500022005932600103006153000034007185080214007525110009009665200954009755380016019295460014019456500070019597000060020297000074020897000075021637000066022389420012023049990019023169520241023350457IT-RoPAU20220918181224.0d cvaizq50131s9999||||xx ||| | || ||und|| aIT-RoPAUcIT-RoPAU aITALIANO  aKantor FrantzgCodice regista SPICS: 60178937296 aFRATELLI IN GUERRA - GIUSEPPE L'INTERPRETE DEI SOGNI 937297 aANIMATED KID'S BIBLE (THE) gT3874 aFRATELLI IN GUERRA - GIUSEPPE L'INTERPRETE DEI SOGNI cProdotto da: Broadbrige Tom -- Sceneggiatura: Capamagian Brian Broadbrige Nigel T. Cronin C.J. Hunnam M. -- Diretto da: Kantor FrantzpFRATELLI IN GUERRA - GIUSEPPE L'INTERPRETE DEI SOGNI (Rif. Codice opera principale : K0457) aANIMATED KID'S BIBLE (THE)  aEdizione Standard a(USA)bN.d. / Distribuzione: MULTIMEDIA SAN PAOLOg"2005 (1° ed.: 2010 ; Ed. Lingua Orig.: 2005)" aDVDbsonoro, col.c105 minuti a"Montaggio: Ford G. Jennings P. ; Musica: Ball Marty; Sceneggiatura: Capamagian Brian Broadbrige Nigel T. Cronin C.J. Hunnam M. ; Scenografia: Kantor Frantz ; Soggetto: Broadbrige Nigel T. -- Capamagian Brian" a"; " aTERZO DVD DELLA SERIE LE AVVENTURE DELLA BIBBIA DA ADAMO A GESU'. LA BIBBIA ANIMATA IN 3D. DA ISACCO, FIGLIO DI ABRAMO E SARA NASCONO DUE MASCHI: GIACOBBE ED ESAU'. ESAU', NATO PER PRIMO, ERA IL FAVORITO DI ISACCO MENTRE GIACOBBE DELLA MADRE REBECCA. CON L'INGANNO GIACOBBE ACQUISTA DA ESAU' LA PRIMOGENITURA IN CAMBIO DI UN PIATTO DI LENTICCHIE E QUANDO ISACCO E' IN PUNTO DI MORTE CARPISCE LA BENEDIZIONE PREVISTA PER ESAU'. PER SOTTRARSI ALL'IRA DI ESAU', GIACOBBE FUGGE PRESSO LO ZIO LABANO E NE SPOSA LA FIGLIA RACHELE. DALLA LORO UNIONE NASCE GIUSEPPE FIGLIO PREDILETTO TRA I DODICI CHE GIACOBBE AVRA'. GLI ALTRI FRATELLI GELOSI DELL'AMORE CHE IL PADRE RISERVA PER GIUSEPPE, LO VENDONO AD UNA CAROVANA DI MERCANTI ISMAELITI DI PASSAGGIO FACCENDO CREDERE AL PADRE CHE E' MORTO. ARRIVATO IN EGITTO E DOPO AVER SUPERATO VARIE DIFFICOLTA' DIVENNE IL CAPO DELL'EGITTO STESSO E RIESCE A PERDONARE E A RICONGIUNGERSI AI FRATELLI E AL PADRE GIACOBBE.  aPAL, STEREO aITALIANO  aANIMAZIONE 3D eDVD-FILM [DVD]xCodice MATERIA SPICS: 9947937298 aBall Martye(musica)gCodice Musica SPICS: 60181937299 aBroadbrige Nigel T. e(soggetto)gCodice Soggetto SPICS: 60179937300 aCapamagian Brian e(soggetto)gCodice Soggetto 2° SPICS: 60180937301 aKantor Frantz e(regista)gCodice regista SPICS: 60178937302 cDV2ddc c104721d104721 0010406K_0457_00000000000000071aSPICSbSPICSd2015-01-31l0oK0457r2015-01-31 00:00:00w2015-01-31yDVzProgr. Ins.: 3937 / N.Vol.:1 / Copie: 1 / Pag.:0 / Copia rara: n.d. / date import: 1.2.2015 / By Epidotti, Trombetti, Vaglietti